| 000 | 00389nam a22001457a 4500 | ||
|---|---|---|---|
| 005 | 20180126160320.0 | ||
| 008 | 180126b xxu||||| |||| 00| 0 eng d | ||
| 040 | _cPK-LaUMT | ||
| 082 |
_aPKAC 320.95491 _bMUR-P |
||
| 100 | _aMurtaza Anjum | ||
| 245 |
_aPakistan mein fauji hakoomatain/ _cMurtaza Anjum |
||
| 260 |
_aلاہر: _bدارالشعور، _c2000 |
||
| 300 | _a448 | ||
| 942 | _cBK | ||
| 999 |
_c102289 _d102289 |
||